000 01100nam a2200313 i 4500
001 187088
003 SpMaBN
005 20250717063053.0
008 170411s1994 sp b |||| |dspa d
020 _a84-7960-099-3
080 _a342.732(460)"18/19"
080 _a929(460)"18/19"
080 _a013(460)"18/19"
080 _a655(460)"18/19"
100 1 _aPascual, Pedro,
_d1934-
_989365
245 1 0 _aEscritores y editores en la restauración canovista (1875-1923) /
_cPedro Pascual.
250 _a1ª ed.
260 _aMadrid :
_bEdiciones de la Torre,
_c1994.
300 _a1 t. en 2 v. (780 p.) ;
_c21 cm.
490 1 _aNuestro mundo ;
_v40-41.
_aHistoria
500 _aÍndice en v. 1.
594 _aParte de la tesis doctoral de periodismo del autor.
650 7 _aLibertad de expresión-
_zEspaña-
_vHistoria.
_9162347
650 7 _aEscritores españoles-
_yS.XIX-
_vBiobibliografías.
_9162348
650 7 _aEdición-
_zEspaña-
_yS.XIX.
_9147434
830 0 _aNuestro mundo ;
_v40-41.
_aHistoria
_9192738
852 _aES-MaACL
_jL-31409-10
999 _c187088
_d187088